Teen Wolf Quotes - Statistics

General Stats
  • This quiz has been taken 547 times
  • The average score is 14 of 20
Answer Stats
Hint Answer % Correct
"Aren't you supposed to be in school." Derek Hale
97%
"I prefer my boyfriend at peak performance." Lydia Martin
97%
"What the hell is a Stiles?" Lydia Martin
97%
"My TV is broken." Scott Mccall
96%
"Can someone please come take this gigantic shard of glass out of my chest, please?" Stiles Stilinski
95%
"I can take care of myself." Allison Argent
87%
What does that mean? Someone can just walk up to the beast, yell Mason's name, and turn him back? Liam Dunbar
87%
"I broke the lock, If I concentrate I can be pretty strong." Malia Tate
85%
"I've been picking this up like really fast like crazy fast." Kira Yukimura
84%
"I am the Alpha of Alphas Deucalion
81%
"But how come you get his shirt and I get a shoe?" Isaac Lahey
77%
"I only had one friend. She's dead too." Vernon Boyd
67%
"Good thing I had my period last week then." Erica Reyes
66%
"The bigger they are... the bigger they are." Coach Finstock
59%
"Life is energy. Energy doesn't just disappear." Alan Deaton
51%
"But I also came back for you." Theo Raeken
49%
"They said you can help us when we get hurt." Hayden Romero
34%
"I'm going to pull your tongue out of your head." Cora Hale
29%
"The story itself is confusing the fox." Noshiko Yukimura
18%
"They're coming. They're coming for all of us." Tracy Stewart
7%
No matching quizzes found
Score Distribution
Percent of People with Each Score
Percentile by Number Answered
Your Score History
You have not taken this quiz